10 Największych dworców kolejowych w Polsce według UTK - Statystyki

Ogólne statystyki
  • Ten quiz został rozwiązany 39 razy
  • Średni wynik to 7 z 10
Statystyki odpowiedzi
nr Dworzec % Poprawnych
2 Poznań Główny
92%
1 Wrocław Główny
92%
6 Kraków Główny
89%
5 Warszawa Centralna
87%
4 Warszawa Wschodnia
82%
8 Warszawa Zachodnia
82%
9 Katowice
79%
7 Gdynia Główna
66%
3 Warszawa Śródmieście
34%
10 Warszawa Wileńska
13%
Nie znaleziono quizów pasujących do podanych kryteriów
Rozkład punktacji
Procent ludzi z każdym wynikiem
Percentyl według liczby udzielonych odpowiedzi
Twoja historia wyników
Nie rozwiązałeś tego quizu